Majstrovstvá Európy vo výkone boxerov Praha 26.-28. 4. 1996

Bibliographic Details
Main Author: Šuster, J. (Author)
Format: Article
Language:Slovak
PhysicalDescription:Obr. 2
Subjects:

MARC

LEADER 00000nab a2200000 a 4500
001 vtls000587843
003 SK-MaSNL
005 20260304001923.0
008 160201c1996 xo 0 slo
015 |a SNBRB19rr/mm-uuuuu 
035 |a CL0587982 
040 |a SNKBUCL  |b slo  |c SNKBUCL  |e AACR2 
041 0 |a slo 
044 |a xo  |c SK 
080 |a 798.8:636.74  |2 1981 
080 |a 636.74  |2 1981 
100 1 |a Šuster, J.  |4 aut  |9 921995 
245 1 0 |a Majstrovstvá Európy vo výkone boxerov  |b Praha 26.-28. 4. 1996  |c J. Šuster 
300 |b Obr. 2 
650 0 7 |a psy  |2 snkbucl  |9 1288 
650 0 7 |a výkon športový  |2 snkbucl  |9 902071 
655 7 |a články z novín a časopisov  |2 snkbucl  |9 267496 
773 0 |t Kynologická revue  |g Roč. 7, č. 6 (1996), s. 201 
850 |a Slovenská národná knižnica v Martine  |a MTA001 
852 |a SNK  |b KIS3GCP 
958 |a RK 
958 |a CZ 
992 |a RBX 
999 |c 2539448  |d 2541378